000 00557nam a2200205 i 4500
001 bg
100 1 _aOkoń, Wincenty
_d(1914- ).
245 1 0 _aZarys dydaktyki ogólnej /
_cWincenty Okoń ; Instytut Pedagogiki.
250 _aWyd. 2.
260 _aWarszawa :
_bPaństwowe Zakłady Wydawnictw Szkolnych,
_c1965.
300 _a270, [1] s. :
_bil. ;
_c22 cm.
504 _aBibliogr., Indeks.
650 4 _aNauczanie
040 _cBPK
041 0 _apol
044 _aPOL
080 _a37.017
942 _cKS
008 s pl f |000 0 pol
999 _c49714
_d49714
856 _uhttp://koha.tu.koszalin.pl/cgi-bin/koha/opac-detail.pl?biblionumber=49714
_yKatalog online BPK